Campeões da Série D - Statistics

Estatísticas Gerais
  • Esse quiz foi jogado 42 vezes
  • A pontuação média é 10 de 15
Estatísticas das Respostas
Ano UF Clube % Correto
2012 MA Sampaio Corrêa
85%
2019 SC Brusque
82%
2013 PB Botafogo
79%
2015 SP Botafogo
79%
2018 CE Ferroviário
76%
2023 CE Ferroviário
76%
2021 GO Aparecidense
70%
2016 RJ Volta Redonda
70%
2017 PR Operário
67%
2022 RN América de Natal
64%
2020 SP Mirassol
64%
2014 MG Tombense
64%
2011 MG Tupi
61%
2010 CE Guarany de Sobral
55%
2009 PA São Raimundo
55%
Nenhum quiz correspondente encontrado
Distribuição das Pontuações
Porcentagem de Pessoas com Cada Pontuação
Percentil de Números Respondidos
Sua Pontuação Histórica
Você não jogou esse quiz